Imperfect Competition and International Trade
Gespeichert in:
| Weitere Verfasser: | |
|---|---|
| Format: | Buch |
| Sprache: | Englisch |
| Veröffentlicht: |
Cambridge
The MIT Press
1994
|
| Ausgabe: | 1. ed., 3. print. |
| Schlagworte: | |
| Tags: |
Keine Tags, Fügen Sie das erste Tag hinzu!
|
MARC
| LEADER | 00000nam a2200000 4500 | ||
|---|---|---|---|
| 001 | c013471 | ||
| 005 | 20230315135025.6 | ||
| 020 | |a 0-262-57093-9 | ||
| 041 | 0 | |a eng | |
| 044 | |a US | ||
| 245 | 1 | 0 | |a Imperfect Competition and International Trade |c Edit. Gene M. Grossman |
| 250 | |a 1. ed., 3. print. | ||
| 264 | 1 | |a Cambridge |b The MIT Press |c 1994 | |
| 300 | |a 387 s. | ||
| 610 | 2 | 0 | |a konkurencia medzinárodná |
| 610 | 2 | 0 | |a konkurencieschopnosť |
| 610 | 2 | 0 | |a konkurencia |
| 610 | 2 | 0 | |a obchod medzinárodný |
| 610 | 2 | 0 | |a oligopoly |
| 700 | 1 | |a Grossman, Gene M. | |